000 00179 a2200097 4500
020 _a9786076212141
041 _aspa
100 _aCecil Kim
245 _aEn la escuela
942 _cK
999 _c29455
_d29453